| 000 | 00567atm a2200193 4500 | ||
|---|---|---|---|
| 005 | 20170208104754.0 | ||
| 008 | 150727b xxu||||| |||| 00| 0 spa d | ||
| 041 | _aEspañol | ||
| 082 | _a658.1 H876f | ||
| 100 |
_aHubbard, L. Ronald _938341 |
||
| 245 | _aLos fundamentos de la organización | ||
| 260 |
_aEstados Unidos _bLa Iglesia de Cienciología Internacional _c1994 |
||
| 300 | _a47 páginas | ||
| 650 |
_aORGANIZACIÓN _9805 |
||
| 650 |
_aADMINISTRACIÓN DE EMPRESAS _9521 |
||
| 650 |
_aORGANIGRAMAS _96895 |
||
| 650 |
_aCIENCIOLOGÍA _938342 |
||
| 942 | _cBK | ||
| 999 |
_c6503 _d6503 |
||